000 00502nam a2200169Ia 4500
003 GCL
008 140319s9999 xx 000 0 ara d
040 _aGCL /
_cGCL
082 0 4 _a229.7
_bع ا
100 1 _aعبدالرزاق نوفل
245 1 0 _aالاعجاز العددى للقران الكريم /
_cعبدالرزاق نوفل
260 _a[S.N] :
_bدار الكتاب العربى ،
_c1988
300 _a257 ص
490 _a
650 0 4 _aالقران - اعجاز
942 _2ddc
_cBK
999 _c53109
_d53109